[Event "Ljubljana-chT 71st"]
[Site "Ljubljana"]
[Date "2018.03.08"]
[Round "5.3"]
[White "Dolinar, Matic"]
[Black "Turek, Lan Timotej"]
[Result "0-1"]
[WhiteElo "1755"]
[BlackElo "1978"]
[PlyCount "102"]
[EventDate "2018.01.11"]
[EventType "team-tourn"]
[EventRounds "9"]
[EventCountry "SLO"]
[SourceTitle "EXT 2020"]
[Source "ChessBase"]
[SourceDate "2019.10.17"]
[SourceVersion "1"]
[SourceVersionDate "2019.10.17"]
[SourceQuality "1"]
[WhiteTeam "Kranj Gimnazija"]
[BlackTeam "Domzale SD"]
[WhiteTeamCountry "SLO"]
[BlackTeamCountry "SLO"]

1. e4 d6 2. d4 Nf6 3. Nc3 g6 4. Be3 Bg7 5. f3 c6 6. Qd2 Nbd7 7. Bh6 Bxh6 8. Qxh6 b5 9. Nge2 Qa5 10. Kf2 b4 11. Nd1 Qb6 12. Ne3 Ba6 13. c3 bxc3 14. bxc3 Qb2 15. Rc1 Bd3 16. Nd1 Qxa2 17. Qe3 Bxe4 18. g4 Nxg4+ 19. fxg4 Bxh1 20. c4 d5 21. Kg1 Be4 22. Ndc3 Qa5 23. Nxe4 dxe4 24. Qxe4 Rc8 25. Nf4 Nf6 26. Qf3 Qg5 27. Bg2 Qxg4 28. Qe3 0-0 29. Kh1 Qg5 30. Bf3 Ng4 31. Bxg4 Qxg4 32. Rg1 Qf5 33. h4 Rb8 34. h5 Rb1 35. Rxb1 Qxb1+ 36. Kh2 Qc2+ 37. Ng2 e6 38. h6 Qf5 39. Nh4 Qh5 40. Kg3 Rb8 41. Nf3 Qf5 42. Nh4 Qf6 43. Nf3 Rb1 44. Ne5 g5 45. Nxc6 Qf4+ 46. Qxf4 gxf4+ 47. Kxf4 Ra1 48. d5 Ra4 49. d6 Rxc4+ 50. Ke5 Rxc6 51. d7 Rc5+ 0-1

[Event "SLO-ch U18"]
[Site "Ptuj"]
[Date "2017.03.03"]
[Round "7"]
[White "Dolinar, Matic"]
[Black "Dolinar, Jan"]
[Result "1/2-1/2"]
[WhiteElo "1773"]
[BlackElo "1761"]
[PlyCount "67"]
[EventDate "2017.02.25"]
[EventType "swiss"]
[EventRounds "7"]
[EventCountry "SLO"]
[SourceTitle "CBM 177 Extra"]
[Source "ChessBase"]
[SourceDate "2017.04.27"]
[SourceVersion "1"]
[SourceVersionDate "2017.04.27"]
[SourceQuality "1"]

1. e4 c5 2. Nc3 Nc6 3. g3 g6 4. Bg2 Bg7 5. d3 d6 6. Be3 Rb8 7. Qd2 b5 8. Nge2 b4 9. Nd1 e6 10. 0-0 Nge7 11. Bh6 0-0 12. Bxg7 Kxg7 13. Ne3 Bd7 14. f4 f5 15. c3 bxc3 16. bxc3 Qc7 17. Rab1 Rxb1 18. Rxb1 Rb8 19. Qc2 Rxb1+ 20. Qxb1 Qa5 21. Nc4 Qc7 22. Qb3 Na5 23. Nxa5 Qxa5 24. Kf2 Qb6 25. Qxb6 axb6 26. Ke3 Kf6 27. Nc1 Nc6 28. Nb3 Na5 29. Nxa5 bxa5 30. h4 Bc6 31. Bf3 d5 32. e5+ Ke7 33. d4 c4 34. Bd1 1/2-1/2

[Event "SLO-ch U18"]
[Site "Ptuj"]
[Date "2017.03.01"]
[Round "5"]
[White "Suligoj, Nejc"]
[Black "Dolinar, Matic"]
[Result "0-1"]
[WhiteElo "1425"]
[BlackElo "1773"]
[PlyCount "94"]
[EventDate "2017.02.25"]
[EventType "swiss"]
[EventRounds "7"]
[EventCountry "SLO"]
[SourceTitle "CBM 177 Extra"]
[Source "ChessBase"]
[SourceDate "2017.04.27"]
[SourceVersion "1"]
[SourceVersionDate "2017.04.27"]
[SourceQuality "1"]

1. e4 c5 2. Nf3 e6 3. d4 cxd4 4. Nxd4 a6 5. Nc3 Qc7 6. Be3 Nf6 7. Bd3 Bb4 8. Qd2 d5 9. f3 b5 10. 0-0-0 Bb7 11. exd5 Nxd5 12. Nde2 Nxe3 13. Qxe3 0-0 14. Be4 Nc6 15. Nd4 Bc5 16. Bxc6 Bxc6 17. Ne4 Ba7 18. Qc3 Qf4+ 19. Qd2 Qxd2+ 20. Rxd2 Bxe4 21. fxe4 e5 22. Nf3 Be3 23. Nxe5 Bxd2+ 24. Kxd2 Rfe8 25. Nf3 Rxe4 26. Re1 Rd8+ 27. Kc3 Rc4+ 28. Kb3 a5 29. c3 f6 30. Re7 a4+ 31. Kc2 b4 32. Re3 Kf7 33. b3 axb3+ 34. axb3 Rxc3+ 35. Rxc3 bxc3 36. Kxc3 g5 37. b4 Ke6 38. Nd4+ Kd5 39. b5 Rc8+ 40. Nc6 Kc5 41. Ne7 Re8 42. Nf5 Re5 43. b6 Kxb6 44. g4 Rxf5 45. gxf5 Kc5 46. Kd3 Kd5 47. Ke3 Ke5 0-1

[Event "SLO-ch U18"]
[Site "Ptuj"]
[Date "2017.02.26"]
[Round "2"]
[White "Gasparac, Gregor"]
[Black "Dolinar, Matic"]
[Result "1-0"]
[WhiteElo "1921"]
[BlackElo "1773"]
[PlyCount "51"]
[EventDate "2017.02.25"]
[EventType "swiss"]
[EventRounds "7"]
[EventCountry "SLO"]
[SourceTitle "CBM 177 Extra"]
[Source "ChessBase"]
[SourceDate "2017.04.27"]
[SourceVersion "1"]
[SourceVersionDate "2017.04.27"]
[SourceQuality "1"]

1. e4 c5 2. Nf3 e6 3. c3 Nf6 4. e5 Nd5 5. d4 cxd4 6. cxd4 d6 7. Bc4 Nb6 8. Bd3 Nc6 9. 0-0 Be7 10. Nc3 0-0 11. a3 Nd7 12. exd6 Bxd6 13. Ne4 Be7 14. Qc2 h6 15. b4 Nf6 16. b5 Nxd4 17. Nxd4 Qxd4 18. Bb2 Qd8 19. Rad1 Nxe4 20. Bxe4 Qb6 21. Qb3 Qc5 22. Rc1 Qg5 23. f4 Qg4 24. Rf3 Bh4 25. h3 Qh5 26. g4 1-0

[Event "Ljubljana-chT 70th 1st League"]
[Site "Ljubljana"]
[Date "2017.01.19"]
[Round "2.3"]
[White "Hribar, Viktor"]
[Black "Dolinar, Matic"]
[Result "1/2-1/2"]
[WhiteElo "1856"]
[BlackElo "1773"]
[PlyCount "74"]
[EventDate "2017.01.12"]
[EventType "team-swiss"]
[EventRounds "9"]
[EventCountry "SLO"]
[SourceTitle "EXT 2022"]
[Source "ChessBase"]
[SourceDate "2021.10.06"]
[SourceVersion "1"]
[SourceVersionDate "2021.10.06"]
[SourceQuality "1"]
[WhiteTeam "Bor Dob"]
[BlackTeam "Kranj Gimnazija"]
[WhiteTeamCountry "SLO"]
[BlackTeamCountry "SLO"]

1. c4 e5 2. Nc3 Nf6 3. Nf3 Nc6 4. e4 Bc5 5. h3 d6 6. d3 Be6 7. Nd5 h6 8. Rb1 a5 9. Qb3 Rb8 10. Bd2 0-0 11. Qb5 Bd7 12. Nxf6+ Qxf6 13. Bxa5 Rfd8 14. Bxc7 Nb4 15. Qa5 b6 16. Qa7 Ra8 17. Bxd8 Qxd8 18. Qxa8 Qxa8 19. a3 Nc2+ 20. Kd2 Nd4 21. Nxd4 Bxd4 22. Ke2 Qa4 23. Kf3 Qc2 24. Be2 g5 25. g3 g4+ 26. hxg4 Bxg4+ 27. Kxg4 Qxe2+ 28. f3 Qxd3 29. Rbd1 Qe3 30. Rh5 Kg7 31. Rdh1 Bxb2 32. a4 Bc1 33. Rxh6 Qxh6 34. Rxh6 Kxh6 35. Kf5 Kg7 36. f4 f6 37. fxe5 fxe5 1/2-1/2

[Event "SLO-chT Central Superliga 17th"]
[Site "Slovenia"]
[Date "2016.11.17"]
[Round "8.4"]
[White "Dolinar, Matic"]
[Black "More, Erlend"]
[Result "1-0"]
[WhiteElo "1721"]
[BlackElo "1650"]
[PlyCount "111"]
[EventDate "2016.09.22"]
[EventType "team-tourn"]
[EventRounds "9"]
[EventCountry "SLO"]
[SourceTitle "EXT 2023"]
[Source "ChessBase"]
[SourceDate "2022.10.05"]
[SourceVersion "1"]
[SourceVersionDate "2022.10.05"]
[SourceQuality "1"]
[WhiteTeam "Kranj Gimnazija"]
[BlackTeam "Komenda Pogi"]
[WhiteTeamCountry "SLO"]
[BlackTeamCountry "SLO"]

1. e4 c6 2. Ne2 d5 3. e5 Bf5 4. Ng3 Bg6 5. h4 h6 6. h5 Bh7 7. e6 fxe6 8. d4 Qd6 9. Bd3 Bxd3 10. Qxd3 e5 11. Qf5 Nd7 12. 0-0 0-0-0 13. Re1 Qf6 14. dxe5 Qxf5 15. Nxf5 e6 16. Nh4 Ne7 17. Nd2 Rg8 18. Nb3 c5 19. c3 g6 20. hxg6 Nxg6 21. Nxg6 Rxg6 22. Bf4 Bg7 23. Re3 Rg4 24. g3 h5 25. f3 Rg6 26. Kf2 Rf8 27. Rh1 Rf5 28. Rhe1 b6 29. Nc1 a5 30. a4 c4 31. b3 Nc5 32. bxc4 dxc4 33. Re4 Nxe4+ 34. Rxe4 Rf7 35. Rxc4+ Rc7 36. Rxc7+ Kxc7 37. Nb3 Bf8 38. Ke3 Bh6 39. Nd4 Bxf4+ 40. Kxf4 Kd7 41. g4 hxg4 42. fxg4 Rg8 43. g5 Ke7 44. Kg4 Rc8 45. g6 Rxc3 46. g7 Kf7 47. Nxe6 Kg8 48. Kf5 Rf3+ 49. Kg6 Rg3+ 50. Ng5 Rg4 51. e6 Rxg5+ 52. Kxg5 Kxg7 53. Kf5 Kf8 54. Kf6 Ke8 55. e7 b5 56. axb5 1-0

[Event "Ljubljana-chT 69th 2nd League"]
[Site "Ljubljana"]
[Date "2016.03.17"]
[Round "7.3"]
[White "Dolinar, Matic"]
[Black "Mlakar, Slavko"]
[Result "0-1"]
[WhiteElo "1792"]
[BlackElo "1698"]
[PlyCount "48"]
[EventDate "2016.01.14"]
[EventType "team-tourn"]
[EventRounds "10"]
[EventCountry "SLO"]
[SourceTitle "EXT 2022"]
[Source "ChessBase"]
[SourceDate "2021.10.06"]
[SourceVersion "1"]
[SourceVersionDate "2021.10.06"]
[SourceQuality "1"]
[WhiteTeam "Kranj Gimnazija"]
[BlackTeam "Dom In Agencija Neprem"]
[WhiteTeamCountry "SLO"]
[BlackTeamCountry "SLO"]

1. e4 c5 2. Nc3 e6 3. g3 Nc6 4. Bg2 d6 5. d3 Nf6 6. Be3 Be7 7. h3 a6 8. Qd2 b5 9. e5 Nd5 10. Nxd5 exd5 11. Bxd5 Bb7 12. exd6 Bxd6 13. Nf3 0-0 14. 0-0-0 Qd7 15. h4 Nb4 16. Be4 f5 17. Bxb7 Qxb7 18. Ng5 Nxa2+ 19. Kb1 Nb4 20. Ne6 Rfc8 21. Bxc5 Bxc5 22. Nxc5 Rxc5 23. Qxb4 Rac8 24. Rd2 Qxh1+ 0-1

[Event "SLO-chT U20"]
[Site "Otocec"]
[Date "2015.08.27"]
[Round "5"]
[White "Leonardi, Caterina"]
[Black "Dolinar, Matic"]
[Result "1-0"]
[WhiteElo "2079"]
[BlackElo "1811"]
[PlyCount "57"]
[EventDate "2015.08.24"]
[EventType "team-tourn"]
[EventRounds "7"]
[EventCountry "SLO"]
[SourceTitle "EXT 2019"]
[Source "ChessBase"]
[SourceDate "2018.10.10"]
[SourceVersion "1"]
[SourceVersionDate "2018.10.10"]
[SourceQuality "1"]

1. d4 Nf6 2. c4 g6 3. Nc3 d5 4. Nf3 Bg7 5. cxd5 Nxd5 6. e4 Nxc3 7. bxc3 c5 8. Bc4 0-0 9. 0-0 Bg4 10. Be3 Nc6 11. d5 Ne5 12. Be2 Bxf3 13. Bxf3 Qa5 14. Be2 Nd7 15. Qb3 Rab8 16. Rac1 b5 17. f4 b4 18. e5 bxc3 19. Qxc3 Qxa2 20. Bc4 Qb2 21. Qa5 Qb6 22. Qa4 Rfd8 23. Bd2 Qb2 24. Bc3 Qb7 25. e6 fxe6 26. Qc6 Qxc6 27. dxc6 Nb6 28. Bxe6+ Kh8 29. c7 1-0

[Event "SLO-chT U16"]
[Site "Debeli Rtic"]
[Date "2015.05.15"]
[Round "2"]
[White "Kobal, Sasa"]
[Black "Dolinar, Matic"]
[Result "0-1"]
[WhiteElo "1782"]
[BlackElo "1803"]
[PlyCount "90"]
[EventDate "2015.05.15"]
[EventType "swiss"]
[EventRounds "6"]
[EventCountry "SLO"]
[SourceTitle "EXT 2023"]
[Source "ChessBase"]
[SourceDate "2022.10.05"]
[SourceVersion "1"]
[SourceVersionDate "2022.10.05"]
[SourceQuality "1"]

1. e4 c5 2. Nf3 e6 3. d4 cxd4 4. Nxd4 a6 5. Nc3 Qc7 6. g3 Nf6 7. Bg2 Nc6 8. Nb3 Be7 9. 0-0 0-0 10. f4 d6 11. Be3 b5 12. a3 Bb7 13. Qe2 Rfd8 14. Qf2 Rd7 15. Bb6 Qc8 16. h3 Bd8 17. Bxd8 Qxd8 18. Rad1 Na5 19. Rd2 Nc4 20. g4 Nxd2 21. Qxd2 Qb6+ 22. Kh1 Rad8 23. Nd4 d5 24. e5 Ne4 25. Qe3 Ng3+ 26. Qxg3 Qxd4 27. f5 Qb6 28. f6 d4 29. Ne4 Bxe4 30. Bxe4 g6 31. Qh4 Qc5 32. Qh6 Qf8 33. Qd2 Qc5 34. Qh6 Qf8 35. Qd2 Rc8 36. b4 Rc3 37. Rf3 Rd8 38. Kg2 Kh8 39. Rxc3 dxc3 40. Qxc3 Qh6 41. Qc7 Rd2+ 42. Kg3 Qe3+ 43. Bf3 Qf2+ 44. Kf4 Rd4+ 45. Kg5 h6+ 0-1

[Event "SLO-chT Central Superliga 15th"]
[Site "Slovenia"]
[Date "2014.09.18"]
[Round "2.3"]
[White "Dolinar, Matic"]
[Black "Janzelj, Lara"]
[Result "0-1"]
[WhiteElo "1824"]
[BlackElo "1884"]
[PlyCount "106"]
[EventDate "2014.09.11"]
[EventType "team-tourn"]
[EventRounds "9"]
[EventCountry "SLO"]
[SourceTitle "EXT 2022"]
[Source "ChessBase"]
[SourceDate "2021.10.06"]
[SourceVersion "1"]
[SourceVersionDate "2021.10.06"]
[SourceQuality "1"]
[WhiteTeam "Kranj Tomo Zupan"]
[BlackTeam "Ig"]
[WhiteTeamCountry "SLO"]
[BlackTeamCountry "SLO"]

1. e4 c5 2. Nc3 Nc6 3. g3 e5 4. Bg2 Nf6 5. d3 Be7 6. f4 d6 7. Nf3 a6 8. 0-0 0-0 9. h3 exf4 10. gxf4 Qc7 11. Qe1 Re8 12. Qf2 Bf8 13. Kh1 Ne7 14. a4 Bd7 15. Be3 Ng6 16. a5 Bc6 17. Nd2 b5 18. axb6 Qxb6 19. Nc4 Qc7 20. Na5 Ne7 21. Nxc6 Nxc6 22. Rae1 Rab8 23. b3 Be7 24. Re2 Qa5 25. Nd1 Nb4 26. Rfe1 Qd8 27. Nb2 g6 28. Bf3 Nd7 29. Qg2 Nb6 30. f5 Bf6 31. Nd1 Kg7 32. Rg1 Nd7 33. Nf2 Ne5 34. Ng4 Nxg4 35. Qxg4 Nc6 36. Qg3 Be5 37. Bf4 Kh8 38. Reg2 Rg8 39. Bxe5+ dxe5 40. fxg6 hxg6 41. Qf2 Qe7 42. Qe3 Kg7 43. Qf2 Rh8 44. Bg4 Rh4 45. Qg3 Rbh8 46. Rf1 R8h7 47. Kg1 Nd4 48. Ra1 Qg5 49. Rxa6 Rxh3 50. Qxh3 Rxh3 51. Bxh3 Qe3+ 52. Kh2 Nf3+ 53. Kg3 Ne1+ 0-1

[Event "SLO-chT U20"]
[Site "Bled"]
[Date "2014.08.25"]
[Round "4.3"]
[White "Dolinar, Matic"]
[Black "Skuhala, Luka"]
[Result "0-1"]
[WhiteElo "1783"]
[BlackElo "1915"]
[PlyCount "58"]
[EventDate "2014.08.23"]
[EventType "team-tourn"]
[EventRounds "7"]
[EventCountry "SLO"]
[SourceTitle "EXT 2022"]
[Source "ChessBase"]
[SourceDate "2021.10.06"]
[SourceVersion "1"]
[SourceVersionDate "2021.10.06"]
[SourceQuality "1"]
[WhiteTeam "Kranj Tomo Zupan U20"]
[BlackTeam "Radenska Pomgrad U20"]
[WhiteTeamCountry "SLO"]
[BlackTeamCountry "SLO"]

1. e4 c5 2. Nc3 a6 3. g3 b5 4. Bg2 Bb7 5. d3 d6 6. Be3 Nf6 7. h3 e6 8. Qd2 Qc7 9. Nge2 Be7 10. 0-0 0-0 11. g4 b4 12. Nd1 d5 13. Ng3 dxe4 14. dxe4 Rd8 15. Qe1 Nc6 16. f4 Nd4 17. Qf2 Nd7 18. c3 Nb5 19. f5 exf5 20. Nxf5 Bf8 21. cxb4 Ne5 22. Bxc5 Nd3 23. Qh4 Bxc5+ 24. Kh1 Qe5 25. bxc5 Nxc5 26. Ne7+ Kf8 27. Nd5 Nxe4 28. Rf5 Ng3+ 29. Kg1 Nxf5 0-1

[Event "SLO-chT U16"]
[Site "Moravske Toplice"]
[Date "2014.05.18"]
[Round "5"]
[White "Markosek, Maj"]
[Black "Dolinar, Matic"]
[Result "1-0"]
[WhiteElo "1696"]
[BlackElo "1788"]
[PlyCount "45"]
[EventDate "2014.05.16"]
[EventType "team-swiss"]
[EventRounds "6"]
[EventCountry "SLO"]
[SourceTitle "EXT 2022"]
[Source "ChessBase"]
[SourceDate "2021.10.06"]
[SourceVersion "1"]
[SourceVersionDate "2021.10.06"]
[SourceQuality "1"]

1. d4 Nf6 2. c4 c5 3. d5 b5 4. cxb5 a6 5. f3 d6 6. e4 g6 7. Bd2 Bg7 8. Bc3 0-0 9. bxa6 Bxa6 10. Bxa6 Nxa6 11. Ne2 Nc7 12. Na3 Nd7 13. Bxg7 Kxg7 14. Nc4 Qc8 15. 0-0 Qa6 16. b3 Nb6 17. Nxb6 Qxb6 18. Kh1 Ra7 19. Nc3 Rfa8 20. Qc2 Ra5 21. h3 Na6 22. Na4 Qa7 23. Qc3+ 1-0

[Event "SLO-chT U16"]
[Site "Moravske Toplice"]
[Date "2014.05.17"]
[Round "3"]
[White "Dolinar, Matic"]
[Black "Opalic, David"]
[Result "0-1"]
[WhiteElo "1788"]
[BlackElo "1736"]
[PlyCount "128"]
[EventDate "2014.05.16"]
[EventType "team-swiss"]
[EventRounds "6"]
[EventCountry "SLO"]
[SourceTitle "EXT 2022"]
[Source "ChessBase"]
[SourceDate "2021.10.06"]
[SourceVersion "1"]
[SourceVersionDate "2021.10.06"]
[SourceQuality "1"]

1. e4 e5 2. Nf3 Nc6 3. d4 exd4 4. Nxd4 Bc5 5. Be3 Qf6 6. c3 Nge7 7. Bc4 b6 8. 0-0 Bb7 9. f4 Qg6 10. Nd2 Nxd4 11. cxd4 Nf5 12. Qe2 Nxd4 13. Bxd4 Bxd4+ 14. Kh1 Bxb2 15. Rab1 Bc3 16. Rbe1 0-0-0 17. Bd3 f6 18. Rc1 Bxd2 19. Qxd2 Qf7 20. Qc2 d6 21. Qa4 Kb8 22. Ba6 Qe8 23. Qc4 Bxa6 24. Qxa6 Qxe4 25. Rxc7 Qa8 26. Rfc1 Rhe8 27. h3 h6 28. R1c6 g5 29. Qb5 Rc8 30. Qc4 Rxc7 31. Rxc7 Qe4 32. Qf7 Rc8 33. Rxc8+ Kxc8 34. Qxf6 Qxf4 35. Qxh6 Kb7 36. Qh7+ Kc6 37. Qxa7 Kb5 38. Qd7+ Kb4 39. a4 Qe5 40. Qc6 Ka5 41. g3 Qc5 42. Qa8+ Kb4 43. Qe4+ Kb3 44. h4 gxh4 45. gxh4 d5 46. Qd3+ Kxa4 47. h5 b5 48. h6 Qc1+ 49. Kg2 Qxh6 50. Qxd5 Qg7+ 51. Kf1 Qc3 52. Qa8+ Kb3 53. Ke2 b4 54. Kd1 Qc2+ 55. Ke1 Kb2 56. Qb7 b3 57. Qb5 Kb1 58. Qb4 b2 59. Qa5 Qd3 60. Qa4 Qc3+ 61. Kd1 Qd3+ 62. Ke1 Qe3+ 63. Kf1 Qc1+ 64. Kf2 Qc2+ 0-1

[Event "Ljubljana-chT 67th"]
[Site "Gostovanja"]
[Date "2014.01.09"]
[Round "1.2"]
[White "Hribar, Viktor"]
[Black "Dolinar, Matic"]
[Result "1-0"]
[WhiteElo "1873"]
[BlackElo "1755"]
[PlyCount "63"]
[EventDate "2014.01.09"]
[EventType "team-tourn"]
[EventRounds "9"]
[EventCountry "SLO"]
[SourceTitle "EXT 2015"]
[Source "ChessBase"]
[SourceDate "2014.11.20"]
[SourceVersion "1"]
[SourceVersionDate "2014.11.20"]
[SourceQuality "1"]
[WhiteTeam "Bor Dob"]
[BlackTeam "Tomo Zupan Vzajemna"]
[WhiteTeamCountry "SLO"]
[BlackTeamCountry "SLO"]

1. e4 c5 2. c4 Nc6 3. Nf3 Nf6 4. Nc3 e6 5. d3 Qc7 6. Bg5 Be7 7. Qd2 0-0 8. h3 Rd8 9. Be2 b6 10. Qe3 Bb7 11. 0-0 Nb4 12. Rac1 d5 13. Nb5 Qd7 14. Ne5 Qc8 15. a3 Nc6 16. exd5 exd5 17. Nxc6 Qxc6 18. Bf3 Re8 19. Qf4 Qd7 20. Bxf6 Bxf6 21. Rce1 Re7 22. Nd6 Be5 23. Rxe5 Qxd6 24. Rfe1 f6 25. Rxe7 Qxf4 26. Rxb7 dxc4 27. Bd5+ Kh8 28. Rbe7 Rf8 29. Re8 Qd6 30. R1e6 cxd3 31. Rxd6 Rxe8 32. Bc4 1-0

[Event "Wch U14"]
[Site "Al Ain"]
[Date "2013.12.22"]
[Round "6"]
[White "Dolinar, Matic"]
[Black "Anagnostakis, Charalampos"]
[Result "1-0"]
[WhiteElo "1770"]
[BlackElo "1542"]
[PlyCount "81"]
[EventDate "2013.12.18"]
[EventType "swiss"]
[EventRounds "11"]
[EventCountry "UAE"]
[SourceTitle "CBM 158 Extra"]
[Source "ChessBase"]
[SourceDate "2014.02.28"]
[SourceVersion "1"]
[SourceVersionDate "2014.02.28"]
[SourceQuality "1"]

1. e4 c5 2. Nc3 Nc6 3. g3 g6 4. Bg2 Bg7 5. d3 d6 6. Be3 Rb8 7. Qd2 b5 8. Nge2 Nd4 9. 0-0 e6 10. Nd1 Ne7 11. c3 Nxe2+ 12. Qxe2 0-0 13. Qd2 Qa5 14. Bh6 b4 15. Bxg7 Kxg7 16. Ne3 bxc3 17. bxc3 Ba6 18. f4 f5 19. Rf2 Rb6 20. g4 Rfb8 21. Rc1 Qa3 22. h3 Rb1 23. Rxb1 Rxb1+ 24. Kh2 Qc1 25. c4 Qxd2 26. Rxd2 Bb7 27. exf5 exf5 28. Bxb7 Rxb7 29. Kg3 Kf6 30. Kf3 Rb1 31. Re2 Kf7 32. Kf2 Rh1 33. Kg2 Rb1 34. g5 Rb7 35. h4 Rb4 36. Nc2 Rb6 37. d4 cxd4 38. Nxd4 Rb4 39. Rxe7+ Kxe7 40. Nc6+ Kd7 41. Nxb4 1-0

[Event "SLO-chT U20"]
[Site "Verzej"]
[Date "2013.08.29"]
[Round "4"]
[White "Brinovec, David"]
[Black "Dolinar, Matic"]
[Result "1/2-1/2"]
[WhiteElo "1873"]
[BlackElo "1694"]
[PlyCount "100"]
[EventDate "2013.08.27"]
[EventType "team-tourn"]
[EventRounds "7"]
[EventCountry "SLO"]
[SourceTitle "EXT 2015"]
[Source "ChessBase"]
[SourceDate "2014.11.20"]
[SourceVersion "1"]
[SourceVersionDate "2014.11.20"]
[SourceQuality "1"]

1. e4 c5 2. c3 Nf6 3. e5 Nd5 4. d4 cxd4 5. Nf3 e6 6. cxd4 Nc6 7. Bc4 Nb6 8. Bb3 d6 9. 0-0 dxe5 10. dxe5 Qxd1 11. Rxd1 Bc5 12. Nc3 0-0 13. Ne4 Be7 14. Be3 Nd7 15. Bf4 h6 16. h3 a6 17. Rac1 Bg5 18. Nfxg5 hxg5 19. Bg3 Re8 20. Re1 g4 21. hxg4 Ne7 22. Red1 Nb6 23. Nd2 Bd7 24. Nc4 Nxc4 25. Rxd7 Na5 26. Bd1 Rad8 27. Rxd8 Rxd8 28. Bf3 Nac6 29. Bh4 Rd7 30. Be4 Rd4 31. f3 Nd5 32. Bg3 Kf8 33. a3 a5 34. b3 Rd2 35. Rc2 Rxc2 36. Bxc2 Nd4 37. Bd1 Ke7 38. Bf2 Nc6 39. Bg3 Nc3 40. Bc2 Nd4 41. Be1 Nce2+ 42. Kf2 Nxc2 43. Kxe2 Nxe1 44. Kxe1 Kd7 45. Ke2 Kc6 46. Kd3 Kd5 47. f4 b5 48. b4 a4 49. g5 g6 50. g3 Kc6 1/2-1/2

[Event "SLO-chT U20"]
[Site "Verzej"]
[Date "2013.08.28"]
[Round "2"]
[White "Kralj, Samo"]
[Black "Dolinar, Matic"]
[Result "1/2-1/2"]
[WhiteElo "1952"]
[BlackElo "1694"]
[PlyCount "77"]
[EventDate "2013.08.27"]
[EventType "team-tourn"]
[EventRounds "7"]
[EventCountry "SLO"]
[SourceTitle "EXT 2015"]
[Source "ChessBase"]
[SourceDate "2014.11.20"]
[SourceVersion "1"]
[SourceVersionDate "2014.11.20"]
[SourceQuality "1"]

1. e4 c5 2. Nf3 e6 3. d4 cxd4 4. Nxd4 Nc6 5. Nc3 Qc7 6. Be2 a6 7. Be3 Nf6 8. a3 Be7 9. 0-0 0-0 10. f4 d6 11. Qd2 Bd7 12. f5 d5 13. fxe6 fxe6 14. exd5 exd5 15. Bf3 Bc5 16. Nxd5 Qe5 17. Nxf6+ Rxf6 18. Bxc6 Rxf1+ 19. Rxf1 Bxc6 20. c3 Re8 21. Bf2 Qd5 22. Bg3 Re4 23. Rf4 Rxf4 24. Bxf4 Bxd4+ 25. cxd4 Qe4 26. h3 h6 27. Qf2 Kh7 28. Be5 Bd5 29. Qg3 Qg6 30. Kh2 Qxg3+ 31. Kxg3 g5 32. Kf2 Kg6 33. g4 h5 34. gxh5+ Kxh5 35. Kg3 Kg6 36. a4 b5 37. a5 Kf5 38. Bg7 Bb7 39. Be5 1/2-1/2

[Event "SLO-chT U20"]
[Site "Verzej"]
[Date "2013.08.27"]
[Round "1"]
[White "Kolsek, Jan"]
[Black "Dolinar, Matic"]
[Result "0-1"]
[WhiteElo "1641"]
[BlackElo "1694"]
[PlyCount "111"]
[EventDate "2013.08.27"]
[EventType "team-tourn"]
[EventRounds "7"]
[EventCountry "SLO"]
[SourceTitle "EXT 2015"]
[Source "ChessBase"]
[SourceDate "2014.11.20"]
[SourceVersion "1"]
[SourceVersionDate "2014.11.20"]
[SourceQuality "1"]

1. e4 c5 2. Nf3 e6 3. d4 cxd4 4. Nxd4 Nc6 5. Bc4 Qc7 6. Be3 a6 7. Nc3 Bb4 8. Nxc6 bxc6 9. Bd2 d5 10. Bd3 Nf6 11. exd5 cxd5 12. Ne2 Bd6 13. Ng3 0-0 14. 0-0 a5 15. a4 Ba6 16. Bc3 Be5 17. Bxe5 Qxe5 18. c3 Qb8 19. Bxa6 Rxa6 20. Qd2 Rb6 21. Rfb1 Rb3 22. Ne2 Ne4 23. Qc2 e5 24. Nc1 Rb7 25. Nd3 Rc8 26. Qd1 Rb6 27. Qe1 f6 28. Rd1 Qb7 29. Ra2 Qc6 30. f3 Nc5 31. Nxc5 Qxc5+ 32. Qf2 Kf7 33. Kf1 Ke6 34. Qc2 Rcb8 35. Rd2 g6 36. Re2 Qc4 37. Qd2 Qh4 38. Kg1 g5 39. Qd1 Qc4 40. Rd2 h5 41. Qc2 Rc8 42. Qd1 Rb7 43. Ra1 Rcb8 44. Qc1 Qc5+ 45. Kf1 f5 46. Rc2 Rf8 47. Qxg5 Rf6 48. Qg8+ Rbf7 49. Qe8+ Re7 50. Qg8+ Kd7 51. Rd2 Rd6 52. Rad1 d4 53. Qb3 Rb6 54. cxd4 Rxb3 55. dxc5+ Kc6 56. Re1 0-1

[Event "Feffernitz Raika op 22nd"]
[Site "Feffernitz"]
[Date "2013.08.24"]
[Round "8"]
[White "Jandke, Manfred"]
[Black "Dolinar, Matic"]
[Result "1-0"]
[WhiteElo "2095"]
[BlackElo "1694"]
[PlyCount "43"]
[EventDate "2013.08.18"]
[EventType "swiss"]
[EventRounds "9"]
[EventCountry "AUT"]
[SourceTitle "CBM 156 Extra"]
[Source "ChessBase"]
[SourceDate "2013.10.22"]
[SourceVersion "1"]
[SourceVersionDate "2013.10.22"]
[SourceQuality "1"]

1. c4 e5 2. g3 Nc6 3. Bg2 Nf6 4. Nc3 Bc5 5. Nf3 0-0 6. 0-0 d5 7. cxd5 Nxd5 8. Nxd5 Qxd5 9. Qc2 Qd6 10. Ng5 f5 11. Qc4+ Kh8 12. Nf7+ Rxf7 13. Qxf7 Be6 14. Qh5 Nd4 15. e3 Nc2 16. d4 Bb6 17. d5 Nxa1 18. dxe6 Qxe6 19. Bd2 Rd8 20. Bc3 Qxa2 21. Qxf5 Kg8 22. Qxe5 1-0

[Event "SLO-chT U16"]
[Site "Rogla"]
[Date "2013.05.12"]
[Round "6"]
[White "Cretnik, Urban"]
[Black "Dolinar, Matic"]
[Result "1-0"]
[WhiteElo "1836"]
[BlackElo "1707"]
[PlyCount "37"]
[EventDate "2013.05.10"]
[EventType "team-swiss"]
[EventRounds "6"]
[EventCountry "SLO"]
[SourceTitle "EXT 2015"]
[Source "ChessBase"]
[SourceDate "2014.11.20"]
[SourceVersion "1"]
[SourceVersionDate "2014.11.20"]
[SourceQuality "1"]

1. e4 c5 2. c3 Nf6 3. e5 Nd5 4. d4 cxd4 5. cxd4 Nc6 6. Nf3 e6 7. Bc4 Nb6 8. Bd3 Qc7 9. 0-0 d6 10. Qe2 Be7 11. Nc3 a6 12. a3 0-0 13. Re1 Nd5 14. Qe4 f5 15. Nxd5 exd5 16. Qxd5+ Kh8 17. Bf4 Rd8 18. exd6 Qd7 19. dxe7 1-0

[Event "SLO-chT U16"]
[Site "Rogla"]
[Date "2013.05.10"]
[Round "1"]
[White "Dolinar, Matic"]
[Black "Marn, Jan"]
[Result "1-0"]
[WhiteElo "1707"]
[BlackElo "1345"]
[PlyCount "99"]
[EventDate "2013.05.10"]
[EventType "team-swiss"]
[EventRounds "6"]
[EventCountry "SLO"]
[SourceTitle "EXT 2015"]
[Source "ChessBase"]
[SourceDate "2014.11.20"]
[SourceVersion "1"]
[SourceVersionDate "2014.11.20"]
[SourceQuality "1"]

1. e4 e5 2. Nf3 Nc6 3. d4 exd4 4. Nxd4 Bc5 5. Be3 Bb6 6. Bc4 Nf6 7. Nxc6 bxc6 8. Bxb6 axb6 9. e5 Ne4 10. 0-0 0-0 11. f4 d5 12. Bd3 Nc5 13. f5 Nxd3 14. cxd3 Qg5 15. Qf3 Re8 16. d4 Ra4 17. Qf2 Bd7 18. Nc3 Rc4 19. Rae1 Bc8 20. e6 f6 21. Kh1 Ba6 22. Rg1 h5 23. g4 h4 24. Rd1 Bb7 25. h3 Re7 26. Qc2 Qe3 27. Rd3 Qf4 28. Qd1 c5 29. Rf1 Qg5 30. Kg1 Rxd4 31. Rxd4 Qe3+ 32. Rf2 Qxd4 33. Qxd4 cxd4 34. Ne2 c5 35. Nf4 Bc6 36. Rd2 Ra7 37. b3 Rb7 38. Ng6 Be8 39. Nxh4 Re7 40. Ng2 g5 41. h4 Kg7 42. hxg5 fxg5 43. Ne1 Kf6 44. Rh2 Ke5 45. Re2+ Kf4 46. f6 Rh7 47. Rf2+ Kxg4 48. f7 Bxf7 49. exf7 Rxf7 50. Rxf7 1-0